[Event "Commonwealth-ch"]
[Site "Delhi IND"]
[Date "2010.05.13"]
[Round "6"]
[White "Hossain, Enamul"]
[Black "Sai Krishna, GV."]
[Result "1/2-1/2"]
[WhiteElo "2499"]
[BlackElo "2282"]
[PlyCount "125"]
[EventDate "2010.05.10"]
[EventType "swiss"]
[EventRounds "11"]
[EventCountry "IND"]
[Source "ChessBase"]
[SourceDate "2010.07.02"]

1. e4 e5 2. Nf3 Nc6 3. Bb5 a6 4. Ba4 Nf6 5. O-O Be7 6. Re1 b5 7. Bb3 d6 8. c3
O-O 9. h3 Nd7 10. d4 Bf6 11. Be3 Na5 12. Bc2 Nc4 13. Bc1 Bb7 14. b3 Ncb6 15. d5
Be7 16. Nbd2 c6 17. dxc6 Bxc6 18. Nf1 Re8 19. Ng3 Bf8 20. Be3 Rc8 21. Rc1 Bb7
22. Bb1 g6 23. Nh2 h5 24. Nf3 Nc5 25. Ng5 Ne6 26. Nxe6 Rxe6 27. Qf3 Nd7 28. Qe2
Nc5 29. Red1 h4 30. Bxc5 Rxc5 31. Nf1 Re7 32. b4 Rc6 33. a3 Bc8 34. Ba2 Be6 35.
Bxe6 Rxe6 36. Rc2 Bh6 37. Ne3 Bxe3 38. Qxe3 Re7 39. Rd3 Rec7 40. Rcd2 Qe7 41.
Rd1 Kg7 42. Qd2 Rd7 43. Rd5 Qf6 44. Qe3 Qe7 45. R1d3 Qf6 46. Qd2 Qe7 47. Qd1
Qg5 48. Re3 Rdc7 49. Rdd3 Qf4 50. a4 Rc4 51. axb5 axb5 52. Qe1 Qf6 53. Rd5 Qd8
54. Qd2 Qb8 55. Rxd6 Rxc3 56. Rxc3 Rxc3 57. Qd5 Qe8 58. Rd8 Qe7 59. f4 Qa7+ 60.
Kh2 Rxh3+ 61. Kxh3 Qe3+ 62. Kh2 Qg3+ 63. Kg1 1/2-1/2

[Event "Commonwealth-ch"]
[Site "Delhi IND"]
[Date "2010.05.14"]
[Round "7"]
[White "Sai Krishna, GV."]
[Black "Sidhant, Mohapatra"]
[Result "1-0"]
[WhiteElo "2282"]
[BlackElo "2116"]
[PlyCount "55"]
[EventDate "2010.05.10"]
[EventType "swiss"]
[EventRounds "11"]
[EventCountry "IND"]
[Source "ChessBase"]
[SourceDate "2010.07.02"]

1. e4 c5 2. Nf3 e6 3. d4 cxd4 4. Nxd4 Nf6 5. Nc3 Nc6 6. Ndb5 Bb4 7. a3 Bxc3+ 8.
Nxc3 d5 9. exd5 exd5 10. Bd3 O-O 11. O-O d4 12. Ne2 Bg4 13. f3 Bh5 14. b4 a6
15. Bb2 Qb6 16. Qd2 Rad8 17. Kh1 Rfe8 18. Rad1 Nd5 19. Rfe1 Ne3 20. Rc1 Re7 21.
Nxd4 Nxd4 22. Rxe3 Nb3 23. Qc3 f6 24. Rxe7 Nxc1 25. Bxc1 Qf2 26. Qe1 Qd4 27.
Qe4 Qxe4 28. fxe4 1-0

[Event "Commonwealth-ch"]
[Site "Delhi IND"]
[Date "2010.05.15"]
[Round "8"]
[White "Venkatesh, Marani Rajendran"]
[Black "Sai Krishna, GV."]
[Result "0-1"]
[WhiteElo "2452"]
[BlackElo "2282"]
[PlyCount "78"]
[EventDate "2010.05.10"]
[EventType "swiss"]
[EventRounds "11"]
[EventCountry "IND"]
[Source "ChessBase"]
[SourceDate "2010.07.02"]

1. e4 e5 2. d4 exd4 3. Qxd4 Nc6 4. Qe3 g6 5. Nc3 Bg7 6. Bd2 Nf6 7. O-O-O O-O 8.
Bc4 d6 9. f3 Be6 10. Bb3 Bxb3 11. axb3 d5 12. Qc5 d4 13. Nd5 Nd7 14. Qc4 Nb6
15. Qb5 Re8 16. Nf4 a6 17. Qf1 a5 18. Nd3 a4 19. Nh3 Na5 20. Bxa5 Rxa5 21. Qe1
Qa8 22. Qh4 a3 23. bxa3 Rxa3 24. Kd2 Qa5+ 25. Ke2 Ra2 26. Rd2 Nd5 27. Rc1 Nc3+
28. Ke1 h5 29. b4 Qb6 30. Kf1 Bh6 31. Nhf4 Qa6 32. Kf2 Ra1 33. Rxa1 Qxa1 34. e5
Nd1+ 35. Ke2 Ne3 36. Qe1 Qc3 37. Kf2 Nxc2 38. Qe2 Ne3 39. Kg3 Qxd2 0-1

[Event "Commonwealth-ch"]
[Site "Delhi IND"]
[Date "2010.05.16"]
[Round "9"]
[White "Sai Krishna, GV."]
[Black "Swapnil, S Dhopade"]
[Result "1-0"]
[WhiteElo "2282"]
[BlackElo "2457"]
[PlyCount "61"]
[EventDate "2010.05.10"]
[EventType "swiss"]
[EventRounds "11"]
[EventCountry "IND"]
[Source "ChessBase"]
[SourceDate "2010.07.02"]

1. e4 c5 2. Nf3 d6 3. d4 cxd4 4. Nxd4 Nf6 5. Nc3 a6 6. Bg5 e6 7. f4 h6 8. Bxf6
Qxf6 9. Qd2 g5 10. f5 Nc6 11. Nxc6 bxc6 12. O-O-O Qe5 13. g3 Be7 14. Bc4 O-O
15. Rhf1 Rd8 16. Qf2 exf5 17. exf5 d5 18. Bb3 Bf6 19. Na4 Kg7 20. c3 a5 21. Bc2
Qc7 22. h4 Ba6 23. Rh1 Re8 24. Nc5 Bc4 25. hxg5 Bxg5+ 26. Kb1 Kg8 27. Rh5 Qe5
28. Rxg5+ hxg5 29. f6 Rad8 30. Rh1 Rd6 31. Rh8+ 1-0

[Event "Commonwealth-ch"]
[Site "Delhi IND"]
[Date "2010.05.18"]
[Round "11"]
[White "Sai Krishna, GV."]
[Black "Sachdev, Tania"]
[Result "1/2-1/2"]
[WhiteElo "2282"]
[BlackElo "2398"]
[PlyCount "60"]
[EventDate "2010.05.10"]
[EventType "swiss"]
[EventRounds "11"]
[EventCountry "IND"]
[Source "ChessBase"]
[SourceDate "2010.07.02"]

1. e4 e5 2. Nf3 Nc6 3. Bb5 a6 4. Ba4 Nf6 5. O-O Be7 6. Re1 b5 7. Bb3 d6 8. c3
O-O 9. h3 Nb8 10. d4 Nbd7 11. Nbd2 Bb7 12. Bc2 Re8 13. Nf1 Bf8 14. Ng3 g6 15.
a4 Bg7 16. Bd3 c6 17. Bg5 Nf8 18. Qd2 Ne6 19. Bh6 Nd7 20. Be3 Qc7 21. Nf1 Nb6
22. axb5 axb5 23. dxe5 dxe5 24. Ng3 Red8 25. Qc2 Na4 26. Bf1 Qe7 27. Rad1 Nac5
28. Rxd8+ Rxd8 29. Rd1 Rxd1 30. Qxd1 Qd7 1/2-1/2

[Event "Chennai op"]
[Site "Chennai IND"]
[Date "2010.01.27"]
[Round "4"]
[White "Venkatesh, Marani Rajendran"]
[Black "Sai Krishna, GV."]
[Result "1/2-1/2"]
[WhiteElo "2432"]
[BlackElo "2238"]
[PlyCount "51"]
[EventDate "2010.01.25"]
[EventType "swiss"]
[EventRounds "11"]
[EventCountry "IND"]
[Source "ChessBase"]
[SourceDate "2010.03.03"]

1. e4 e5 2. Nf3 Nc6 3. Bb5 a6 4. Ba4 Nf6 5. Qe2 b5 6. Bb3 Bc5 7. c3 O-O 8. d3
d5 9. Bg5 dxe4 10. dxe4 Qe7 11. Nbd2 Nd8 12. Nh4 Ne6 13. Nf5 Qd8 14. Bxe6 fxe6
15. Ne3 Qe8 16. Bxf6 gxf6 17. O-O Qg6 18. b4 Bb6 19. c4 Bd4 20. Rac1 Bd7 21.
Nc2 Kh8 22. Kh1 bxc4 23. Nxd4 exd4 24. Nxc4 e5 25. f4 Bb5 26. Rf3 1/2-1/2

[Event "Chennai op"]
[Site "Chennai IND"]
[Date "2010.01.28"]
[Round "5"]
[White "Sai Krishna, GV."]
[Black "Konguvel, Ponnuswamy"]
[Result "1-0"]
[WhiteElo "2238"]
[BlackElo "2420"]
[PlyCount "153"]
[EventDate "2010.01.25"]
[EventType "swiss"]
[EventRounds "11"]
[EventCountry "IND"]
[Source "ChessBase"]
[SourceDate "2010.03.03"]

1. e4 c5 2. Nf3 d6 3. d4 cxd4 4. Nxd4 Nf6 5. Nc3 a6 6. Bg5 e6 7. f4 Qb6 8. Nb3
Be7 9. Qf3 Nbd7 10. O-O-O Qc7 11. Bd3 h6 12. Bxf6 Bxf6 13. Be2 Nb6 14. Rd3 Nc4
15. e5 dxe5 16. Ne4 Be7 17. Rc3 b5 18. Bxc4 bxc4 19. Nbd2 Bb7 20. Rxc4 Qa5 21.
f5 exf5 22. Qxf5 O-O 23. Kb1 Bc8 24. Qf3 Be6 25. Nb3 Qd5 26. Rc7 Qd8 27. Rc3 f5
28. Nec5 Bd5 29. Qe2 a5 30. a4 Bxb3 31. cxb3 Bxc5 32. Rxc5 e4 33. Rf1 Qg5 34.
g3 Kh7 35. Ka2 Ra7 36. Rf4 Qg6 37. g4 Re8 38. Rfxf5 Qd6 39. g5 Rd7 40. gxh6 g6
41. Rg5 Qd3 42. Qxd3 exd3 43. Rcd5 Red8 44. Rxd7+ Rxd7 45. Rg1 d2 46. Rd1 Rd3
47. b4 axb4 48. a5 Kxh6 49. a6 Rd6 50. Kb3 Rxa6 51. Rxd2 Rb6 52. Rd4 Kh5 53.
Rxb4 Rf6 54. Rb8 g5 55. Ka4 Rh6 56. Rc8 g4 57. b4 Kg5 58. Rc2 Ra6+ 59. Kb3 Rb6
60. Rc5+ Kf4 61. Rh5 Re6 62. b5 Re4 63. b6 Kf3 64. b7 Re8 65. Kc4 Rb8 66. Rb5
Kg2 67. Rb2+ Kh3 68. Kd5 Rxb7 69. Rxb7 Kxh2 70. Ke4 g3 71. Kf3 g2 72. Rh7+ Kg1
73. Kg3 Kf1 74. Rf7+ Kg1 75. Rf8 Kh1 76. Rh8+ Kg1 77. Rh2 1-0

[Event "Chennai op"]
[Site "Chennai IND"]
[Date "2010.01.29"]
[Round "6"]
[White "Shyam, Sundar"]
[Black "Sai Krishna, GV."]
[Result "1/2-1/2"]
[WhiteElo "2377"]
[BlackElo "2238"]
[PlyCount "73"]
[EventDate "2010.01.25"]
[EventType "swiss"]
[EventRounds "11"]
[EventCountry "IND"]
[Source "ChessBase"]
[SourceDate "2010.03.03"]

1. e4 e5 2. Nf3 Nc6 3. Bb5 a6 4. Ba4 Nf6 5. O-O Be7 6. Re1 b5 7. Bb3 d6 8. c3
O-O 9. h3 Nd7 10. d4 Bf6 11. a4 Bb7 12. Na3 exd4 13. cxd4 Na5 14. Ba2 Re8 15.
d5 Nc5 16. Bd2 Bxb2 17. Bxa5 Bxa3 18. Qc2 Nxa4 19. Bb3 Bc5 20. Bxa4 bxa4 21.
Qxa4 Qc8 22. Nd4 Bxd4 23. Qxd4 c5 24. Qd3 Qd7 25. Rab1 f5 26. exf5 Rxe1+ 27.
Rxe1 Qb5 28. Qd2 Re8 29. Re6 Rxe6 30. fxe6 Qb1+ 31. Kh2 Qf5 32. Bc7 Qxd5 33.
Qxd5 Bxd5 34. Bxd6 c4 35. e7 Kf7 36. Bb4 a5 37. Bxa5 1/2-1/2

[Event "Chennai op"]
[Site "Chennai IND"]
[Date "2010.01.30"]
[Round "7"]
[White "Sai Krishna, GV."]
[Black "Shivananda, BS."]
[Result "1/2-1/2"]
[WhiteElo "2238"]
[BlackElo "2396"]
[PlyCount "70"]
[EventDate "2010.01.25"]
[EventType "swiss"]
[EventRounds "11"]
[EventCountry "IND"]
[Source "ChessBase"]
[SourceDate "2010.03.03"]

1. e4 Nf6 2. e5 Nd5 3. d4 d6 4. c4 Nb6 5. exd6 exd6 6. Nc3 Nc6 7. h3 Be7 8. Nf3
Bf5 9. Be2 O-O 10. O-O Bf6 11. Be3 Re8 12. Rc1 h6 13. Qb3 a5 14. Qb5 Bg6 15. c5
dxc5 16. dxc5 Nd5 17. Nxd5 Qxd5 18. Qxb7 Nb4 19. Qxc7 Qxa2 20. Qg3 Qxb2 21. Bb5
Reb8 22. Bd7 Na2 23. Rce1 a4 24. c6 a3 25. c7 Rc8 26. Qd6 Kh7 27. Bxc8 Rxc8 28.
Qd7 Qb7 29. Bf4 Nc3 30. Re8 Rxe8 31. Qxe8 Bf5 32. Kh2 a2 33. Qxf7 Qe4 34. Bg3
Qb1 35. Rxb1 axb1=Q 1/2-1/2

[Event "Chennai op"]
[Site "Chennai IND"]
[Date "2010.01.31"]
[Round "8"]
[White "Murali Krishnan, BT."]
[Black "Sai Krishna, GV."]
[Result "1/2-1/2"]
[WhiteElo "2385"]
[BlackElo "2238"]
[PlyCount "37"]
[EventDate "2010.01.25"]
[EventType "swiss"]
[EventRounds "11"]
[EventCountry "IND"]
[Source "ChessBase"]
[SourceDate "2010.03.03"]

1. d4 Nf6 2. c4 g6 3. Nc3 Bg7 4. e4 d6 5. f3 O-O 6. Be3 e5 7. Nge2 Nbd7 8. Qd2
c6 9. g4 h5 10. h3 a6 11. d5 c5 12. a4 Nh7 13. O-O-O h4 14. Rg1 g5 15. Kc2 f6
16. Ra1 a5 17. Nb5 Nb8 18. Nec3 Na6 19. Ra3 1/2-1/2

[Event "Chennai op"]
[Site "Chennai IND"]
[Date "2010.02.01"]
[Round "9"]
[White "Sai Krishna, GV."]
[Black "Girinath, P."]
[Result "1/2-1/2"]
[WhiteElo "2238"]
[BlackElo "2370"]
[PlyCount "83"]
[EventDate "2010.01.25"]
[EventType "swiss"]
[EventRounds "11"]
[EventCountry "IND"]
[Source "ChessBase"]
[SourceDate "2010.03.03"]

1. e4 e6 2. d4 d5 3. Nc3 dxe4 4. Nxe4 Bd7 5. Nf3 Bc6 6. Bd3 Nd7 7. O-O Ngf6 8.
Ng3 Be7 9. c4 Bxf3 10. Qxf3 c6 11. b3 O-O 12. Bb2 Re8 13. Rad1 Qc7 14. Rfe1
Rad8 15. Bb1 Nf8 16. h4 Rd7 17. h5 h6 18. Bc1 Red8 19. Bf4 Bd6 20. Bxh6 Bxg3
21. Bxg7 N6h7 22. Bxf8 Bh2+ 23. Kh1 Nxf8 24. g3 Rxd4 25. Kxh2 f5 26. Kg2 c5 27.
Rxd4 Rxd4 28. h6 b6 29. Qe3 Qf7 30. Qg5+ Kh8 31. Re2 Rg4 32. Qe3 Rg6 33. Rd2
Kh7 34. Rd8 Rxh6 35. Qf3 Kg8 36. Ra8 Rh7 37. Bc2 Qb7 38. Bd1 Qxf3+ 39. Bxf3 Re7
40. g4 fxg4 41. Bxg4 Kg7 42. Kg3 1/2-1/2

[Event "Chennai op"]
[Site "Chennai IND"]
[Date "2010.02.03"]
[Round "11"]
[White "Sai Krishna, GV."]
[Black "Meenakshi, Subbaraman"]
[Result "1/2-1/2"]
[WhiteElo "2238"]
[BlackElo "2353"]
[PlyCount "83"]
[EventDate "2010.01.25"]
[EventType "swiss"]
[EventRounds "11"]
[EventCountry "IND"]
[Source "ChessBase"]
[SourceDate "2010.03.03"]

1. e4 e5 2. Nf3 Nc6 3. Bb5 a6 4. Ba4 Nf6 5. O-O b5 6. Bb3 Bc5 7. c3 d6 8. d4
Bb6 9. a4 Rb8 10. Na3 O-O 11. axb5 axb5 12. Nxb5 Bg4 13. Bc2 Bxf3 14. gxf3 Nh5
15. f4 Qh4 16. Qf3 Nxf4 17. Bxf4 Qxf4 18. Qxf4 exf4 19. Ra6 f5 20. exf5 Ne7 21.
Rfa1 Nxf5 22. Bxf5 Rxf5 23. Ra8 Rff8 24. Rxb8 Rxb8 25. Kg2 Kf8 26. Kf3 Ke7 27.
Na3 d5 28. Kxf4 c6 29. Nc2 Bc7+ 30. Ke3 Rxb2 31. Nb4 Bxh2 32. Nxc6+ Ke6 33. Nb4
Bd6 34. Ra6 g5 35. Kd3 Rxf2 36. Nxd5 g4 37. Ne3 g3 38. c4 Rf3 39. Ke4 Rf4+ 40.
Kd3 Rf3 41. Ke4 Rf4+ 42. Kd3 1/2-1/2

[Event "Parsvnath op"]
[Site "New Delhi IND"]
[Date "2010.01.15"]
[Round "3"]
[White "Muminova, Nafisa"]
[Black "Sai Krishna, GV."]
[Result "0-1"]
[WhiteElo "2347"]
[BlackElo "2238"]
[PlyCount "102"]
[EventDate "2010.01.14"]
[EventType "swiss"]
[EventRounds "11"]
[EventCountry "IND"]
[Source "ChessBase"]
[SourceDate "2010.03.03"]

1. e4 e5 2. Nf3 Nc6 3. d4 exd4 4. Nxd4 Nf6 5. Nc3 Bb4 6. Nxc6 bxc6 7. Bd3 d5 8.
exd5 cxd5 9. O-O O-O 10. Bg5 c6 11. Qf3 Re8 12. h3 Rb8 13. Ne2 Bd6 14. Nd4 Bd7
15. Rae1 Be5 16. Nf5 Bxb2 17. Nxg7 Kxg7 18. Qg3 Rb6 19. f4 Kh8 20. Qh4 h5 21.
Re5 c5 22. Rxd5 Qe7 23. Bxf6+ Qxf6 24. Qxh5+ Kg7 25. Rxd7 Rd6 26. Rxd6 Qxd6 27.
f5 Bf6 28. Qg4+ Kf8 29. Qf4 Be5 30. Qh4 Bf6 31. Qh6+ Ke7 32. Qf4 Bd4+ 33. Kh1
Qxf4 34. Rxf4 Kf6 35. Rf1 Rb8 36. a4 Rb4 37. Bb5 Rb2 38. c4 Bf2 39. Bd7 Bg3 40.
h4 Bxh4 41. Kh2 Rb3 42. Rd1 Bg3+ 43. Kh3 Be5+ 44. Kh4 Rc3 45. g4 Bf4 46. Rh1
Bg5+ 47. Kh5 Rxc4 48. Rd1 Bf4 49. Bb5 Rc3 50. g5+ Bxg5 51. Rd6+ Ke5 0-1

[Event "Parsvnath op"]
[Site "New Delhi IND"]
[Date "2010.01.17"]
[Round "6"]
[White "Sai Krishna, GV."]
[Black "Vishnu, Prasanna"]
[Result "1-0"]
[WhiteElo "2238"]
[BlackElo "2358"]
[PlyCount "59"]
[EventDate "2010.01.14"]
[EventType "swiss"]
[EventRounds "11"]
[EventCountry "IND"]
[Source "Mark Crowther"]
[SourceDate "2010.01.25"]

1. e4 c5 2. Nf3 d6 3. d4 cxd4 4. Nxd4 Nf6 5. Nc3 Nc6 6. Bg5 e6 7. Qd2 a6 8.
O-O-O Be7 9. f3 Nxd4 10. Qxd4 b5 11. Bxf6 gxf6 12. f4 Bb7 13. f5 Qa5 14. fxe6
fxe6 15. a3 Rg8 16. Be2 Rc8 17. e5 fxe5 18. Bh5+ Kd7 19. Qxe5 Rxc3 20. Rhe1
Rxg2 21. Qxe6+ Kc6 22. Bf3+ Rxf3 23. Qd5+ Kb6 24. Qd4+ Kc7 25. Rxe7+ Kb8 26.
Qxd6+ Ka7 27. Qc5+ Qb6 28. Rxb7+ Kxb7 29. Rd7+ Ka8 30. Qc8+ 1-0

[Event "Parsvnath op"]
[Site "New Delhi IND"]
[Date "2010.01.18"]
[Round "7"]
[White "Das, Arghyadip"]
[Black "Sai Krishna, GV."]
[Result "1-0"]
[WhiteElo "2396"]
[BlackElo "2238"]
[PlyCount "89"]
[EventDate "2010.01.14"]
[EventType "swiss"]
[EventRounds "11"]
[EventCountry "IND"]
[Source "Mark Crowther"]
[SourceDate "2010.01.25"]

1. e4 e5 2. Nf3 Nc6 3. Bb5 a6 4. Ba4 Nf6 5. O-O Be7 6. Re1 b5 7. Bb3 d6 8. c3
O-O 9. d4 Bg4 10. d5 Na5 11. Bc2 c6 12. h3 Bc8 13. dxc6 Qc7 14. Nbd2 Qxc6 15.
Nf1 Nc4 16. Ng3 Re8 17. a4 Be6 18. b3 Na5 19. Bd2 h6 20. Ra2 Reb8 21. axb5 axb5
22. Nh4 Bf8 23. Nhf5 Nb7 24. Rxa8 Rxa8 25. Qf3 Ra2 26. Rc1 Ne8 27. b4 Kh7 28.
Ne3 Nc7 29. Qd1 g6 30. c4 Ra3 31. Bb3 Qd7 32. Nd5 Qd8 33. Nxc7 Qxc7 34. cxb5
Qb6 35. Bxe6 fxe6 36. Qe2 Ra8 37. Rc6 Qd8 38. Qc4 d5 39. Rc7+ Kg8 40. Qc6 Nd6
41. b6 Ra1+ 42. Kh2 Qf6 43. Qd7 Nf7 44. b7 Qxf2 45. Qxf7+ 1-0

[Event "Parsvnath op"]
[Site "New Delhi IND"]
[Date "2010.01.19"]
[Round "8"]
[White "Sai Krishna, GV."]
[Black "Murshed, Niaz"]
[Result "1/2-1/2"]
[WhiteElo "2238"]
[BlackElo "2419"]
[PlyCount "106"]
[EventDate "2010.01.14"]
[EventType "swiss"]
[EventRounds "11"]
[EventCountry "IND"]
[Source "ChessBase"]
[SourceDate "2010.03.03"]

1. e4 e6 2. d4 d5 3. Nc3 Nf6 4. Bg5 Bb4 5. e5 h6 6. Bd2 Bxc3 7. bxc3 Ne4 8. Bd3
Nxd2 9. Qxd2 c5 10. f4 Qa5 11. Nf3 Nc6 12. c4 Qxd2+ 13. Kxd2 dxc4 14. Bxc4 Nxd4
15. Nxd4 cxd4 16. Kd3 Bd7 17. Kxd4 Bc6 18. Rhd1 Ke7 19. Ke3 g6 20. Rd2 Rad8 21.
g3 Rxd2 22. Kxd2 g5 23. Ke3 Rc8 24. Bd3 Bd5 25. Rb1 gxf4+ 26. gxf4 Rg8 27. c4
Bc6 28. Be4 Kd7 29. Rd1+ Kc7 30. Bxc6 Kxc6 31. Kf3 Kc7 32. Rd2 b6 33. Rg2 Rg6
34. h3 Kc8 35. Rd2 Kc7 36. Rg2 a6 37. Rd2 Rg1 38. Rg2 Rf1+ 39. Rf2 Rc1 40. Kg4
Rxc4 41. Kh5 Kd7 42. Kxh6 Ke7 43. h4 Rc3 44. Rg2 Rh3 45. h5 b5 46. Rc2 Rg3 47.
Rc7+ Kf8 48. Rc8+ Ke7 49. Rc7+ Kf8 50. Ra7 Rg4 51. Ra8+ Ke7 52. Ra7+ Kf8 53.
Rxa6 Rxf4 1/2-1/2

[Event "WYCC-U14"]
[Site "Antalya TUR"]
[Date "2009.11.12"]
[Round "1.15"]
[White "Sai Krishna, GV."]
[Black "Karabayir, Mustafa Yilmaz"]
[Result "1/2-1/2"]
[WhiteElo "2225"]
[BlackElo "1864"]
[PlyCount "60"]
[EventDate "2009.11.12"]
[EventType "swiss"]
[EventRounds "11"]
[EventCountry "TUR"]

1. e4 e5 2. Nf3 Nf6 3. Nxe5 d6 4. Nf3 Nxe4 5. Nc3 Nxc3 6. dxc3 Be7 7. Bf4 Nd7
8. Qd2 O-O 9. O-O-O Nc5 10. Be3 c6 11. Bxc5 dxc5 12. Qf4 Qa5 13. Bd3 Be6 14. a3
Rad8 15. Rde1 Bf6 16. Ng5 Bxg5 17. Qxg5 h6 18. Qh4 Qc7 19. Re3 Qd7 20. Rd1 Kh8
21. Qe4 g6 22. Qe5+ Kg8 23. Qxc5 b6 24. Qe5 c5 25. Ree1 Qd5 26. Qe3 Qa2 27.
Qxh6 c4 28. Rxe6 cxd3 29. Rxg6+ fxg6 30. Qxg6+ Kh8 1/2-1/2

[Event "WYCC-U14"]
[Site "Antalya TUR"]
[Date "2009.11.14"]
[Round "3.27"]
[White "Sai Krishna, GV."]
[Black "Jacobsen, Mads"]
[Result "1-0"]
[WhiteElo "2225"]
[BlackElo "1914"]
[PlyCount "49"]
[EventDate "2009.11.12"]
[EventType "swiss"]
[EventRounds "11"]
[EventCountry "TUR"]

1. e4 c5 2. Nf3 e6 3. d4 cxd4 4. Nxd4 Nc6 5. Nc3 Qc7 6. Be3 a6 7. Be2 Nf6 8.
O-O Be7 9. f4 d6 10. Qe1 h5 11. Qg3 Kf8 12. a4 h4 13. Qf2 Bd7 14. Rae1 g6 15.
e5 Nh5 16. Rd1 d5 17. g4 hxg3 18. hxg3 Rc8 19. g4 Nxd4 20. Bxd4 Ng7 21. Kg2 Bc5
22. Rh1 Rxh1 23. Rxh1 Bxd4 24. Rh8+ Ke7 25. Qh4+ 1-0

[Event "WYCC-U14"]
[Site "Antalya TUR"]
[Date "2009.11.15"]
[Round "4.15"]
[White "Sattarov, Bobir"]
[Black "Sai Krishna, GV."]
[Result "1-0"]
[WhiteElo "2069"]
[BlackElo "2225"]
[PlyCount "61"]
[EventDate "2009.11.12"]
[EventType "swiss"]
[EventRounds "11"]
[EventCountry "TUR"]

1. e4 e5 2. Nf3 Nc6 3. Bb5 Nge7 4. c3 g6 5. O-O Bg7 6. d4 exd4 7. cxd4 d5 8.
exd5 Nxd5 9. Re1+ Be6 10. Nc3 O-O 11. Bg5 Nxc3 12. bxc3 Qd6 13. Qd2 Bg4 14.
Bxc6 Qxc6 15. Ne5 Bxe5 16. dxe5 Qd7 17. Qe3 h5 18. h3 Bf5 19. Bf6 Kh7 20. Qg5
Bxh3 21. gxh3 Qxh3 22. Re3 Qf5 23. Qxf5 gxf5 24. f4 Rg8+ 25. Bg5 Rae8 26. Rh3
Kg6 27. Kf2 Re6 28. Rg1 f6 29. Bxf6+ Kf7 30. Rxg8 Kxg8 31. Rxh5 1-0

[Event "WYCC-U14"]
[Site "Antalya TUR"]
[Date "2009.11.16"]
[Round "5.12"]
[White "Sai Krishna, GV."]
[Black "Mammadov, Mehdi Namiq"]
[Result "1-0"]
[WhiteElo "2225"]
[BlackElo "1783"]
[PlyCount "73"]
[EventDate "2009.11.12"]
[EventType "swiss"]
[EventRounds "11"]
[EventCountry "TUR"]

1. e4 c5 2. Nf3 d6 3. d4 cxd4 4. Nxd4 Nf6 5. Nc3 Nc6 6. Bg5 Bd7 7. Qd2 Rc8 8.
O-O-O Nxd4 9. Qxd4 Qa5 10. Bd2 Qc5 11. Qxc5 dxc5 12. Bf4 a6 13. Be2 e6 14. Bf3
Bc6 15. Rhe1 Be7 16. Rd2 Nd7 17. Nd5 Bd8 18. Ne3 b5 19. Nf5 Kf8 20. Bd6+ Kg8
21. Ne7+ Bxe7 22. Bxe7 h6 23. Red1 Ne5 24. Bh5 Ng6 25. Bxc5 Kh7 26. b4 Rhe8 27.
f3 Ra8 28. Rd6 Rec8 29. Re1 Kg8 30. Bxg6 fxg6 31. Rxe6 a5 32. a3 axb4 33. Bxb4
Be8 34. e5 Bf7 35. Rb6 Bd5 36. Rxb5 Bb3 37. Rc5 1-0

[Event "WYCC-U14"]
[Site "Antalya TUR"]
[Date "2009.11.16"]
[Round "6.5"]
[White "Musialkiewicz, Jan"]
[Black "Sai Krishna, GV."]
[Result "1/2-1/2"]
[WhiteElo "2162"]
[BlackElo "2225"]
[PlyCount "33"]
[EventDate "2009.11.12"]
[EventType "swiss"]
[EventRounds "11"]
[EventCountry "TUR"]

1. e4 e5 2. Nf3 Nc6 3. d4 exd4 4. Nxd4 Nf6 5. Nc3 Bb4 6. Nxc6 bxc6 7. Bd3 d5 8.
exd5 cxd5 9. O-O O-O 10. Bg5 c6 11. Qf3 Be7 12. h3 h6 13. Bh4 Rb8 14. b3 Rb7
15. Ne2 Rb4 16. c4 Nd7 17. Bxe7 1/2-1/2

[Event "WYCC-U14"]
[Site "Antalya TUR"]
[Date "2009.11.18"]
[Round "7.4"]
[White "Sai Krishna, GV."]
[Black "Moussard, Jules"]
[Result "1-0"]
[WhiteElo "2225"]
[BlackElo "2364"]
[PlyCount "57"]
[EventDate "2009.11.12"]
[EventType "swiss"]
[EventRounds "11"]
[EventCountry "TUR"]

1. e4 c5 2. Nf3 d6 3. d4 cxd4 4. Nxd4 Nf6 5. Nc3 a6 6. Bg5 Nbd7 7. f4 Qc7 8.
Qf3 h6 9. Bh4 e5 10. fxe5 dxe5 11. Nf5 b5 12. O-O-O Bb7 13. Nd5 Nxd5 14. exd5
Rc8 15. Bd3 Nb6 16. Qg4 g6 17. Bf6 Nxd5 18. Bxe5 gxf5 19. Qxf5 Ne3 20. Qf4 Qc5
21. Bxh8 Bd6 22. Qxh6 Nxd1 23. Rxd1 Bxg2 24. Bd4 Qd5 25. Qf6 Rc6 26. Re1+ Kd7
27. Bf5+ Kc7 28. Re7+ Kb8 29. Qh8+ 1-0

[Event "WYCC-U14"]
[Site "Antalya TUR"]
[Date "2009.11.19"]
[Round "8.4"]
[White "Grigoryan, Karen"]
[Black "Sai Krishna, GV."]
[Result "0-1"]
[WhiteElo "2211"]
[BlackElo "2225"]
[PlyCount "63"]
[EventDate "2009.11.12"]
[EventType "swiss"]
[EventRounds "11"]
[EventCountry "TUR"]

1. d4 Nf6 2. c4 g6 3. Nc3 Bg7 4. Nf3 O-O 5. Bf4 d6 6. h3 Nbd7 7. e3 c5 8. Be2
cxd4 9. exd4 b6 10. d5 Nc5 11. Nd4 a5 12. O-O Ba6 13. Rc1 Qd7 14. Ncb5 Nfe4 15.
f3 Nf6 16. Qd2 Ne8 17. Rcd1 e5 18. dxe6 fxe6 19. Bg3 Rd8 20. Qe3 Kh8 21. b3 e5
22. Nc2 Bxb5 23. cxb5 Nc7 24. Na3 N7e6 25. Nc4 Qc7 26. Rd5 Nd4 27. Rd1 Nce6 28.
Bd3 Bf6 29. Be4 Bg5 30. Qf2 Bf4 31. Bh2 Bxh2+ 32. Kxh2 0-1

[Event "WYCC-U14"]
[Site "Antalya TUR"]
[Date "2009.11.20"]
[Round "9.1"]
[White "Sai Krishna, GV."]
[Black "Cori, Jorge"]
[Result "1/2-1/2"]
[WhiteElo "2225"]
[BlackElo "2462"]
[PlyCount "98"]
[EventDate "2009.11.12"]
[EventType "swiss"]
[EventRounds "11"]
[EventCountry "TUR"]

1. e4 e5 2. Nf3 Nc6 3. Bb5 Nf6 4. O-O Nxe4 5. d4 Nd6 6. Bxc6 dxc6 7. dxe5 Nf5
8. Qxd8+ Kxd8 9. Nc3 Ke8 10. Bf4 h6 11. h3 Bb4 12. Ne4 Be6 13. c3 Be7 14. Rfe1
Rd8 15. g4 Nh4 16. Nxh4 Bxh4 17. Nc5 Bc8 18. e6 Rd5 19. Re5 Be7 20. exf7+ Kxf7
21. Nb3 Bd8 22. Rae1 Rxe5 23. Rxe5 Be6 24. Nc5 Bc8 25. Nd3 Re8 26. Rxe8 Kxe8
27. Kg2 Be6 28. a3 b6 29. Kg3 c5 30. h4 a5 31. Be5 Kf7 32. f4 g6 33. Nf2 h5 34.
f5 Bd7 35. f6 Ke6 36. Kf4 Bxf6 37. Bxf6 Kxf6 38. Ne4+ Ke6 39. gxh5 gxh5 40. Kg5
Be8 41. Nf6 Bf7 42. Nxh5 Bxh5 43. Kxh5 Kf5 44. a4 c4 45. Kh6 Kf6 46. Kh7 Kf7
47. Kh8 Kf8 48. h5 Kf7 49. Kh7 c6 1/2-1/2

[Event "WYCC-U14"]
[Site "Antalya TUR"]
[Date "2009.11.21"]
[Round "10.3"]
[White "Berbatov, Kiprian"]
[Black "Sai Krishna, GV."]
[Result "1/2-1/2"]
[WhiteElo "2463"]
[BlackElo "2225"]
[PlyCount "85"]
[EventDate "2009.11.12"]
[EventType "swiss"]
[EventRounds "11"]
[EventCountry "TUR"]

1. e4 e5 2. Nf3 Nc6 3. Bb5 a6 4. Ba4 Nf6 5. O-O Be7 6. Re1 b5 7. Bb3 d6 8. c3
O-O 9. h3 Nd7 10. d4 Bf6 11. a4 Bb7 12. d5 Ne7 13. axb5 axb5 14. Rxa8 Qxa8 15.
Na3 Ba6 16. Nc2 Nc5 17. Nb4 Nxb3 18. Qxb3 Bc8 19. Nh2 g6 20. f4 Bh4 21. Rf1 f5
22. Nc6 Nxc6 23. dxc6+ Kg7 24. fxe5 Qxc6 25. exd6 Qxd6 26. exf5 Qc5+ 27. Kh1
Rxf5 28. Qd1 Bg3 29. Nf3 Bd6 30. Qe2 Qc4 31. Qxc4 bxc4 32. Be3 Bb7 33. Nd2
Rxf1+ 34. Nxf1 Kf6 35. Nd2 Bd5 36. Kg1 Bg3 37. Nf1 Be5 38. Kf2 h5 39. h4 Kf5
40. Bg5 c6 41. Nd2 Kg4 42. Nf1 Kf5 43. Nd2 1/2-1/2